| 000 | 01577 a2200313 4500 | ||
|---|---|---|---|
| 008 | 080821t xxu||||| |||| 00| 0 eng d | ||
| 010 | _aENG-84979 | ||
| 020 |
_c740.00 _a8178710978 |
||
| 035 | _aENG-68512 | ||
| 037 | _bD.B.Act / Pub | ||
| 082 | _a792.0954 | ||
| 245 |
_aContemporary Indian theatre _binterviews with playwrights and directors. _cedited by Rajender Paul |
||
| 246 | _aIndian theatre | ||
| 260 |
_aNew Delhi _bSangeet Natak Akademi, _c2006 (rpr) |
||
| 260 |
_aNew Delhi _bHope India Publications _c2006 (rpr) |
||
| 270 |
_aRabindra Bhavan, 35, Ferozshah Road, New Delhi _bDelhi _cDelhi _e110001 _k23387246 _l23282659 _msangeetnatak@bol.net.in |
||
| 270 |
_a85, Sector, 23, Gurgaon, _bGurgaon, _cHaryana _e122017 _k0124-2367308 _minfo@hopeindiapublications.com |
||
| 300 |
_a192 p. _bill., ports. ; _c27 cm. (Hb) |
||
| 500 | _a"Nehru Shatabdi Natya Samaroh, 1989, New Delhi"--T.p. verso. | ||
| 520 | _aThis book puts together views of twenty-six playwrights and directors whose work was featured in the unique retrospective' of Indian theater, the Nehru Shatabdi Natya Samaroh in 1989. | ||
| 650 |
_aTheater _zIndia. |
||
| 650 |
_aDramatists _zIndia _xInterviews. |
||
| 650 |
_aTheatrical producers and directors _zIndia _xInterviews. |
||
| 650 | _aPlaywriting. | ||
| 700 | _aPaul, Rajender | ||
| 710 | _aSangeet Natak Akademi. | ||
| 942 |
_adpl _cEN _k792.0954 / CON _2ddc _h792.0954 _m CON |
||
| 999 |
_c829 _d829 |
||